| 000 | 00472nam a2200157 a 4500 | ||
|---|---|---|---|
| 005 | 20140412111232.0 | ||
| 008 | 010523s19uu xx 00 eng d | ||
| 050 |
_aTR(PS E _bPr94 1989 |
||
| 100 | _aWoodman, June | ||
| 245 |
_aProud hippo (The) / _cby Jude Woodman; illustrated by Ken Morton. |
||
| 260 |
_aNewmarket, England : _bBrimax Books Ltd, _c1989. |
||
| 300 | _a1v. (unp.) ; ill. | ||
| 650 | _aChildren's stories | ||
| 650 | _aBehavior-Fiction | ||
| 999 |
_c102202 _d102202 |
||